Регионална библиотека "Любен Каравелов" - Русе

Феноменът Zara (Запис номер 329255)

MARC детайли
000 -Лидер
Контролно поле с фиксирана дължина 01454nam a2200325 a 4500
003 - Код на организацията, давaща контролен номер
Контролно поле BLK
005 - Дата и час на последна редакция
Контролно поле 20240704112705.0
008 - Елементи от данни с фиксирана дължина
fixed length control field 190219b bu |||gr|||| 00| 0 bu d
020 ## - Международен стандартен номер на книга ISBN
Международен стандартен номер на книга ISBN 9789543761456
040 ## - Източник на каталожния запис
Идентификатор на билиотеката - собственик на записа BLK
041 ## - Код за език
Код за езика на текст/звукозапис или на отделно заглавие Български
Код за езика КДБФ Български
080 ## - УДК
Текстов определител УДК Икономическо положение. Икономическа политика. Управление. Планиране. Производство. Услуги. Цени
УДК код - определител по УДК 338
УДК определител (460)(092)
УДК - код + определител 338(460)(092)
080 ## - УДК
Текстов определител УДК Испански предприемач
УДК код - определител по УДК 929 Ортега Ганоа, Амансио
УДК - код + определител 929 Ортега Ганоа, Амансио
100 ## - Редна дума - Автор
Автор О'Шей, Ковадонга
Авторска отговорност първи автор
R(LIN) 1299
139 ## - Редно поле
Редна дума О'Шей, Ковадонга
Авторски знак Шеи - Ш 48
240 ## - Унифицирано заглавие
Унифицирано заглавие The man from Zara
245 ## - Сведения за заглавието
Заглавие Феноменът Zara
Подзаглавни данни Историята на гения зад Inditex
260 ## - Област на издателските данни
9 (RLIN) 210136
Място на издаване, разпространение и проч. София
Име на издателя, разпространителя и проч. Жануа-98
Година на издаване 2017
Печатница Симолини'94
Дата на отпечатване 2017
300 ## - Физическа характеристика
Страници 199 с.
Размери/Мащаб 24 см
380 ## - Жанр
Жанр Обществени науки
500 ## - Общи забележки
Забележка Ориг. загл.: The man from Zara / Covadonga O'Shea
650 #0 - Допълнително описание по предмет – тема
9 (RLIN) 392522
Основно описание – тема или топоним Ортега Ганоа, Амансио
653 #7 - Ключова дума – ненормативна
9 (RLIN) 181990
Ключова дума биографии
700 ## - Други автори (авторска отговорност)
Лично име Доганова, Даня Борисова
Дати, свързани с автора 1956 -
9 (RLIN) 305336
700 ## - Други автори (авторска отговорност)
9 (RLIN) 1311
Лично име Койнарев, Васил
Автороска отговорност (Описва отношението между автора и произведението) ред.
852 ## - Местоположение
Форматна сигнатура Цб 293764
999 ## - СИСТЕМНИ КОНТРОЛНИ НОМЕРА
Koha biblionumber 329255
Koha biblioitemnumber 329255
942 ## - АРТИКУЛИ
Вид на библиотечния материал Книги
Скрит в OPAC Не
944 ## - СЪЗДАВАНЕ И РЕДАКЦИЯ на ЗАПИСА
Създаване/Редакция Създаване
Дата на регистрацията/редакция 2019-02-19
Служител, извършил регистрацията/редакцията 30560
Статус, дата на статуса Геновева Генчева
999 ## - СИСТЕМНИ КОНТРОЛНИ НОМЕРА
Koha biblioitemnumber 329255
Наличности
Код за отписване Код за изгубен артикул Източник на класификационната схема Код за повреда Коз за рестрикции Код за отдаване Артикулен № Име на библиотеката - собственик Име на библиотеката, в която се намира в момента Статус (Текущо местоположение) Дата на вписване в системата Местоположение - отдел Цена в лева Систематично азбучна сигнатура Баркод Цена в евро Служебен тип на артикула
  Не е изгубен Universal Decimal Classification Не е повреден без рестрикции ползва се в читалня 689793 Регионална библиотека "Любен Каравелов" Русе Регионална библиотека "Любен Каравелов" Русе Хранилище 2019-02-19 Хранилище 20.00 Цб 293764 120000830002 10.23 Книги
Vip Innovations Ltd, Rousse, Bulgaria 2025